000 00551nam a2200193Ii 4500
003 JO-AjNU
008 230605s9999||||xx |||||||||||||| ||und||
040 _aJO-AjNU
_bara
_erda
_cJO-AjNU
041 _aara
050 1 4 _aPJ7860.A234.M37 2009
100 3 _aتأليف الربيع، أمين,
_eauthor
_949442
245 0 0 _aمرايا القتام
264 3 1 _aد.ن
300 _a191ص
336 _atext
_btxt
_2rdacontent
337 _aunmediated
_bn
_2rdamedia
338 _avolume
_bnc
_2rdacarrier
650 4 _aالشعر العربي
_949443
999 _aA21716
_c25284
_d25284